Wszystkie kluby piłkarskie w historii 1 Ligi - Statystyki

Ogólne statystyki
  • Ten quiz został rozwiązany 433 razy
  • Średni wynik to 49 z 194
Statystyki odpowiedzi
Liga W Której Klub Się
Aktualnie Znajduje
Nazwa Klubu % Poprawnych
Ekstraklasa Lech Poznań
80%
1 Liga Wisła Kraków
79%
Ekstraklasa Lechia Gdańsk
74%
Ekstraklasa Pogoń Szczecin
73%
3 liga lub niżej Polonia/Stal Świdnica
73%
1 Liga Arka Gdynia
72%
Ekstraklasa Cracovia
71%
Ekstraklasa Motor Lublin
69%
Ekstraklasa Górnik Zabrze
68%
1 Liga ŁKS Łódź
68%
1 Liga Ruch Chorzów
68%
Ekstraklasa Widzew Łódź
68%
Ekstraklasa Śląsk Wrocław
67%
Ekstraklasa Zagłębie Lubin
67%
Ekstraklasa GKS Katowice
66%
Ekstraklasa Jagiellonia Białystok
66%
Ekstraklasa Raków Częstochowa
66%
Ekstraklasa Stal Mielec
65%
1 Liga Wisła Płock
65%
Ekstraklasa Warta Poznań
64%
1 Liga Stal Rzeszów
62%
Ekstraklasa Korona Kielce
61%
Ekstraklasa Piast Gliwice
61%
2 Liga Polonia Bytom
61%
3 liga lub niżej Zawisza Bydgoszcz
61%
1 Liga Miedź Legnica
60%
1 Liga Odra Opole
59%
Ekstraklasa Radomiak Radom
59%
1 Liga Górnik Łęczna
58%
2 Liga Zagłębie Sosnowiec
58%
1 Liga GKS Tychy
57%
Ekstraklasa Puszcza Niepołomice
57%
1 Liga Pogoń Siedlce
56%
1 Liga Polonia Warszawa
56%
Rozwiązano Amica Wronki
55%
3 liga lub niżej Stomil Olsztyn
54%
3 liga lub niżej Elana Toruń
53%
2 Liga Hutnik Kraków
53%
2 Liga Podbeskidzie Bielsko-Biała
53%
2 Liga Resovia Rzeszów
53%
1 Liga Stal Stalowa Wola
52%
1 Liga Znicz Pruszków
52%
3 liga lub niżej GKS Bełchatów
51%
3 liga lub niżej Kotwica Kołobrzeg
50%
1 Liga Chrobry Głogów
49%
3 liga lub niżej Sandecja Nowy Sącz
48%
3 liga lub niżej Wigry Suwałki
46%
3 liga lub niżej Garbarnia Kraków
44%
2 Liga Olimpia Elbląg
44%
1 Liga Bruk-Bet Termalica Nieciecza
42%
2 Liga Olimpia Grudziądz
42%
2 Liga Chojniczanka Chojnice
41%
3 liga lub niżej Siarka Tarnobrzeg
40%
3 liga lub niżej Skra Częstochowa
40%
3 liga lub niżej Wisła Puławy
40%
3 liga lub niżej Szombierki Bytom
39%
2 Liga GKS Jastrzębie
38%
3 liga lub niżej Górnik Wałbrzych
38%
3 liga lub niżej Górnik Polkowice
36%
3 liga lub niżej Odra Wodzisław Śląski
35%
3 liga lub niżej Dyskobolia Grodzisk Wielkopolsk
34%
3 liga lub niżej KSZO Ostrowiec Świętokrzyski
34%
3 liga lub niżej Lechia Zielona Góra
34%
3 liga lub niżej Unia Tarnów
33%
3 liga lub niżej Flota Świnoujście
32%
3 liga lub niżej ROW Rybnik
31%
3 liga lub niżej Bałtyk Gdynia
30%
3 liga lub niżej Avia Świdnik
29%
3 liga lub niżej ŁKS Łomża
28%
3 liga lub niżej Ruch Radzionków
28%
3 liga lub niżej Świt Nowy Dwór Mazowiecki
28%
3 liga lub niżej Hetman Zamość
27%
3 liga lub niżej Gwardia Koszalin
26%
Rozwiązano Gwardia Warszawa
26%
3 liga lub niżej Ślęża Wrocław
26%
3 liga lub niżej RKS Radomsko
25%
3 liga lub niżej Wisłoka Dębica
24%
3 liga lub niżej Błękitni Stargard
23%
3 liga lub niżej Broń Radom
23%
3 liga lub niżej Bytovia Bytów
23%
3 liga lub niżej MKS Kluczbork
22%
3 liga lub niżej Stilon Gorzów Wielkopolski
22%
3 liga lub niżej Szczakowianka Jaworzno
22%
3 liga lub niżej Górnik Konin
21%
3 liga lub niżej Karpaty Krosno
21%
3 liga lub niżej Gryf Słupsk
20%
Rozwiązano Olimpia Poznań
19%
3 liga lub niżej Pelikan Łowicz
19%
3 liga lub niżej Rozwój Katowice
18%
3 liga lub niżej Sokół Pniewy
18%
3 liga lub niżej Igloopol Dębica
17%
3 liga lub niżej Polonia Przemyśl
17%
3 liga lub niżej Hutnik Warszawa
16%
3 liga lub niżej Polonia Bydgoszcz
16%
3 liga lub niżej Star Starachowice
16%
3 liga lub niżej Tarnovia Tarnów
16%
3 liga lub niżej Jeziorak Iława
15%
3 liga lub niżej Karkonosze Jelenia Góra
15%
3 liga lub niżej Lechia Tomaszów Mazowiecki
15%
Nie istnieje już Polar Wrocław
15%
3 liga lub niżej Zagłębie Wałbrzych
15%
3 liga lub niżej Ząbkovia Ząbki
14%
3 liga lub niżej Ceramika Opoczno
13%
3 liga lub niżej Gedania Gdańsk
13%
3 liga lub niżej Lublinianka Lublin
13%
3 liga lub niżej Mławianka Mława
13%
3 liga lub niżej Chemik Police
12%
3 liga lub niżej Kolejarz Stróże
12%
3 liga lub niżej Wawel Kraków
12%
3 liga lub niżej Czuwaj Przemyśl
11%
3 liga lub niżej Górnik Radlin
11%
3 liga lub niżej Stal Sanok
11%
3 liga lub niżej Tur Turek
11%
3 liga lub niżej Ursus Warszawa
11%
3 liga lub niżej Arkonia Szczecin
10%
3 liga lub niżej Concordia Knurów
10%
Rozwiązano HEKO Czermno
10%
3 liga lub niżej Lechia Dzierżoniów
10%
3 liga lub niżej Okocimski Brzesko
10%
Rozwiązano AKS Chorzów
9%
Rozwiązano Calisia Kalisz
9%
3 liga lub niżej Unia Racibórz
9%
3 liga lub niżej BKS Stal Bielsko-Biała
8%
3 liga lub niżej Boruta Zgierz
8%
Rozwiązano Kmita Zabierzów
8%
Rozwiązano Kujawiak Włocławek
8%
3 liga lub niżej Ostrovia Ostrów Wielkopolsk
8%
3 liga lub niżej Włocłavia Włocławek
8%
3 liga lub niżej Chemik Kędzierzyn-Koźle
7%
Rozwiązano Piotrcovia Piotrków Trybunalski
7%
3 liga lub niżej Stal Szczecin
7%
3 liga lub niżej Unia Janikowo
7%
Nie istnieje już Błękitni Kielce
6%
3 liga lub niżej Chemik Bydgoszcz
6%
Rozwiązano Dąb Katowice
6%
3 liga lub niżej Grunwald Ruda Śląska
6%
3 liga lub niżej MKS Myszków
6%
Nie istnieje Moto Jełcz Oława
6%
3 liga lub niżej Stoczniowiec Gdańsk
6%
3 liga lub niżej Włókniarz Kietrz
6%
3 liga lub niżej Włókniarz Pabianice
6%
3 liga lub niżej Hetman Białystok
5%
3 liga lub niżej Naprzód Rydułtowy
5%
3 liga lub niżej Piast Nowa Ruda
5%
3 liga lub niżej Polonia Leszno
5%
3 liga lub niżej Start Łódź
5%
3 liga lub niżej Urania Ruda Śląska
5%
3 liga lub niżej Victoria Jaworzno
5%
Rozwiązano Concordia Piotrków Trybunalski
4%
3 liga lub niżej Dozamet Nowa Sól
4%
3 liga lub niżej Drwęca Nowe Miasto Lubawskie
4%
3 liga lub niżej Goplania Inowrocław
4%
3 liga lub niżej MKS Piaseczno
4%
3 liga lub niżej Pomorzanin Toruń
4%
3 liga lub niżej Slavia Ruda Śląska
4%
3 liga lub niżej Start Namysłów
4%
3 liga lub niżej Warmia Olsztyn
4%
Rozwiązano Brda Bydgoszcz
3%
3 liga lub niżej Bug Wyszków
3%
3 liga lub niżej Dąb Dębno
3%
3 liga lub niżej Górnik Pszów
3%
3 liga lub niżej Kryształ Stronie Śląskie
3%
3 liga lub niżej Małapanew Ozimek
3%
3 liga lub niżej Marymont Warszawa
3%
3 liga lub niżej Naprzód Lipiny
3%
Rozwiązano Odra Wrocław
3%
3 liga lub niżej Sparta Zabrze
3%
3 liga lub niżej Victoria Częstochowa
3%
3 liga lub niżej Wawel Wirek
3%
3 liga lub niżej Włókniarz Białystok
3%
3 liga lub niżej BKS Bydgoszcz
2%
3 liga lub niżej Celuloza Kostrzyn nad Odrą
2%
3 liga lub niżej Górnik Wojkowice
2%
Rozwiązano Metal Kluczbork
2%
Rozwiązano Pafawag Wrocław
2%
3 liga lub niżej Pogoń Oleśnica
2%
Rozwiązano Polonez Warszawa
2%
3 liga lub niżej PTC Pabianice
2%
Rozwiązano Walter Rzeszów
2%
Rozwiązano Zagłębie Dąbrowa Górnicza
2%
3 liga lub niżej AKS Niwka Sosnowiec
1%
Rozwiązano Baildon Katowice
1%
3 liga lub niżej Bzura Chodaków
1%
Rozwiązano Gwardia Lublin
1%
Rozwiązano Gwardia Słupsk
1%
3 liga lub niżej KS Chełmek
1%
Rozwiązano Lotnik Warszawa
1%
Rozwiązano Lotnik Wrocław
1%
3 liga lub niżej Łużyce Lubań Śląski
1%
3 liga lub niżej Pomezia Malbork
1%
3 liga lub niżej SKS Szczytno
1%
3 liga lub niżej Stal Gorzyca
1%
Rozwiązano Włókniarz Łódź
1%
Nie znaleziono quizów pasujących do podanych kryteriów
Rozkład punktacji
Procent ludzi z każdym wynikiem
Percentyl według liczby udzielonych odpowiedzi
Twoja historia wyników
Nie rozwiązałeś tego quizu